Golden State Warriors All-Time Starters - Statistics

General Stats
  • This quiz has been taken 50 times
  • The average score is 5 of 7
Answer Stats
Hint Answer % Correct
PG Stephen Curry
100%
Coach Steve Kerr
96%
C Wilt Chamberlain
89%
PF Kevin Durant
77%
SF Rick Barry
68%
6th man Nate Thurmond
43%
SG Paul Arizin
38%
No matching quizzes found
Score Distribution
Percent of People with Each Score
Percentile by Number Answered
Your Score History
You have not taken this quiz